Drapeaux les moins devinés sur Jetpunk - Statistiques

Statistiques générales
  • Ce quiz a été pris 342 fois
  • Le résultat moyen est 21 sur 29
Statistiques - réponses
Par images Hint Réponse % Correct
18% Sainte-Lucie
84%
18% Lesotho
80%
18% Zambie
80%
18% Guatemala
77%
16% Dominique
76%
18% Kirghizistan
76%
17% Suriname
74%
19% Kiribati
72%
17% Grenade
71%
16% Guyana
71%
16% Samoa
71%
13% Tuvalu
71%
19% Erythrée
70%
13% Gambie
70%
15% Guinée Équatoriale
70%
14% Saint-Vincent-et-les-Grenadines
70%
14% Bolivie
69%
19% Botswana
69%
18% Sierra Leone
69%
14% Timor oriental
69%
14% Guinée-Bissau
67%
17% Île Maurice
67%
19% Îles Marshall
67%
19% Rwanda
67%
17% Nauru
66%
13% Sao Tomé-et-Principe
66%
15% Vanuatu
66%
10% Îles Salomon
65%
12% Saint-Christophe- et-Niévès
63%
Aucun quiz correspondant
Distribution des résultats
% des personnes avec chaque résultat
Percentile par nombre de réponses
Votre historique - résultats
Vous n’avez pas pris ce quiz